| 000 | 00473nam a2200181Ia 4500 | ||
|---|---|---|---|
| 005 | 20250326125458.0 | ||
| 008 | 250326s9999 xx 000 0 und d | ||
| 037 | _aTextbook | ||
| 040 |
_aFMSL _beng _cFMSL |
||
| 041 |
_aeng _2eng |
||
| 084 |
_aXA L3 _qFMSL |
||
| 100 |
_aCarson R L _9739175 |
||
| 245 | 0 |
_aComparative economic systems _cCarson R L |
|
| 260 |
_aNY _bNY, Macmillan _c1973 |
||
| 300 | _a717p | ||
| 942 |
_cTB _hXA L3 |
||
| 999 |
_c1278243 _d1278243 |
||